[Event "Rated Blitz game"]
[Site "?"]
[Date "2021.06.21"]
[Round "?"]
[White "FlaggingIsADisease"]
[Black "lavilaine"]
[Result "1-0"]
[WhiteElo "2511"]
[BlackElo "2369"]
[PlyCount "67"]
[EventDate "2021.??.??"]
[EventType "blitz"]

1. e4 e5 2. Nf3 d5 3. d4 dxe4 4. Nxe5 Bd6 5. Bc4 Bxe5 6. Qh5 Qf6 7. dxe5 Qg6 8.
Qxg6 hxg6 9. Nc3 f5 10. exf6 Nxf6 11. Bf4 c6 12. a4 Bf5 13. h3 Nbd7 14. O-O-O
O-O-O 15. a5 Nc5 16. b4 Ne6 17. Be3 a6 18. g4 Nxg4 19. hxg4 Bxg4 20. Rxd8+ Rxd8
21. Nxe4 Nd4 22. Nc5 Bf5 23. c3 Nc2 24. Bg5 Re8 25. Kb2 b5 26. axb6 a5 27. bxa5
Kb8 28. Bf4+ Ka8 29. Bc7 Bc8 30. Kxc2 Rf8 31. Bg3 g5 32. a6 Bxa6 33. Ra1 g4 34.
Rxa6# {Normal} 1-0

[Event "Rated Blitz game"]
[Site "?"]
[Date "2021.06.21"]
[Round "?"]
[White "shalovsky"]
[Black "pasha1984"]
[Result "1-0"]
[WhiteElo "2405"]
[BlackElo "2371"]
[PlyCount "61"]
[EventDate "2021.??.??"]
[EventType "blitz"]

1. e4 e5 2. Nf3 d5 3. exd5 e4 4. Nd4 Nf6 5. Nc3 Bc5 6. Nb3 Bb6 7. d4 O-O 8. Bg5
h6 9. Bh4 Bf5 10. Qd2 Nbd7 11. O-O-O a5 12. f3 a4 13. Nc5 exf3 14. Nxd7 Qxd7
15. Bxf6 gxf6 16. gxf3 a3 17. b3 Ba5 18. Rg1+ Kh7 19. Bd3 Bg6 20. Bxg6+ fxg6
21. Qd3 f5 22. Ne2 Rae8 23. c4 Qe7 24. Nf4 g5 25. Ne6 Rf6 26. h4 Rxe6 27. dxe6
Qxe6 28. hxg5 hxg5 29. Rxg5 Qe3+ 30. Qxe3 Rxe3 31. Rh1# {Normal} 1-0

[Event "Rated Blitz game"]
[Site "?"]
[Date "2021.06.21"]
[Round "?"]
[White "roman_go99"]
[Black "pasha1984"]
[Result "1-0"]
[WhiteElo "2380"]
[BlackElo "2410"]
[PlyCount "85"]
[EventDate "2021.??.??"]
[EventType "blitz"]

1. e4 e5 2. Nf3 d5 3. Nxe5 dxe4 4. d4 Bd6 5. Nc4 Nc6 6. Nxd6+ Qxd6 7. Be3 Nf6
8. c4 Bg4 9. Qd2 Rd8 10. d5 Ne5 11. Nc3 Bf5 12. h3 O-O 13. Be2 a6 14. O-O Bg6
15. Rfd1 h6 16. c5 Qd7 17. Bd4 Rfe8 18. Qf4 Nd3 19. Bxd3 exd3 20. Bxf6 gxf6 21.
Qxh6 Re5 22. Rd2 Rh5 23. Qf4 Rg5 24. Qxf6 Rf5 25. Qd4 Rg5 26. Qe3 Rh5 27. Re1
Kh8 28. f4 Rg8 29. Kh2 Bf5 30. Qf3 Rh6 31. Re5 f6 32. Re3 Rhg6 33. g4 Bxg4 34.
hxg4 Rxg4 35. Qh3+ Kg7 36. Rg3 Kf8 37. Rxg4 Rxg4 38. Rg2 Rxg2+ 39. Kxg2 Qg7+
40. Kf2 f5 41. Qxf5+ Ke8 42. Qxd3 Qg4 43. Qe2+ {Normal} 1-0

[Event "Rated Blitz game"]
[Site "?"]
[Date "2021.06.21"]
[Round "?"]
[White "Dr_Strange007"]
[Black "qnefe"]
[Result "1-0"]
[WhiteElo "2272"]
[BlackElo "2408"]
[PlyCount "139"]
[EventDate "2021.??.??"]
[EventType "blitz"]

1. e4 e5 2. Nf3 d5 3. d3 dxe4 4. dxe4 Qxd1+ 5. Kxd1 f6 6. c3 Be6 7. Nbd2 Bc5 8.
Ke1 Nd7 9. Nb3 Bb6 10. Bd3 O-O-O 11. Ke2 Ne7 12. Rd1 Kb8 13. Be3 Bxe3 14. Kxe3
Nc6 15. Nfd2 Nb6 16. Bb5 Ne7 17. Nc5 Bc8 18. a4 a6 19. Be2 a5 20. b4 axb4 21.
cxb4 Nd7 22. Ne6 Rdg8 23. a5 Nc6 24. Rdb1 Nf8 25. Nc5 Nd4 26. Bc4 Nfe6 27. Rb2
Rd8 28. g3 Rhe8 29. h4 g6 30. f3 f5 31. Nxe6 Bxe6 32. Bxe6 Rxe6 33. Nc4 Rde8
34. b5 Rd8 35. Raa2 fxe4 36. fxe4 Rf8 37. Rf2 Rxf2 38. Rxf2 Nxb5 39. Rf8+ Ka7
40. Rh8 Rc6 41. Kd3 Nd6 42. Nxe5 Rc5 43. Nf3 Rxa5 44. Rxh7 Ra3+ 45. Ke2 Nxe4
46. Rxc7 Nxg3+ 47. Kf2 Ne4+ 48. Kg2 Kb6 49. Rg7 Nd6 50. Rxg6 Rd3 51. Ne5 Rd2+
52. Kf3 Kc5 53. Ke3 Rh2 54. Nd3+ Kd5 55. Rg5+ Ke6 56. h5 Kd7 57. Rg7+ Kc6 58.
Rg5 Rh3+ 59. Kd4 b5 60. Ne5+ Kb6 61. Rg6 Ka5 62. Rxd6 b4 63. Kc5 Rh4 64. Rd5
Rxh5 65. Nc6+ Ka4 66. Rxh5 b3 67. Nd4 b2 68. Rh2 Ka3 69. Rh3+ Ka2 70. Nc2 {
Time forfeit} 1-0

[Event "Rated Blitz game"]
[Site "?"]
[Date "2021.06.21"]
[Round "?"]
[White "Igor232323"]
[Black "Polyclinical"]
[Result "0-1"]
[WhiteElo "2630"]
[BlackElo "2828"]
[PlyCount "74"]
[EventDate "2021.??.??"]
[EventType "blitz"]

1. e4 e5 2. Nf3 d5 3. Nxe5 Bd6 4. d4 dxe4 5. Nc3 Bxe5 6. dxe5 Qxd1+ 7. Kxd1
Bg4+ 8. Be2 Bxe2+ 9. Kxe2 Nc6 10. Nxe4 Nd4+ 11. Kd3 O-O-O 12. Nd6+ cxd6 13.
Kxd4 dxe5+ 14. Kxe5 Nf6 15. Be3 Nd5 16. Ke4 Rhe8+ 17. Kf3 Nxe3 18. fxe3 Rd2 19.
Rac1 Re6 20. Rhg1 Rf6+ 21. Kg3 Re2 22. Rce1 Rxc2 23. Rc1 Rfc6 24. Rxc2 Rxc2 25.
Rf1 Rxb2 26. Rxf7 Rxa2 27. Rxg7 b5 28. Rxh7 b4 29. Rh4 b3 30. Rb4 b2 31. h4 a5
32. Rb5 a4 33. h5 a3 34. h6 Ra1 35. Kh2 Rf1 36. h7 Rf8 37. Ra5 b1=Q {Normal}
0-1

[Event "Rated Blitz game"]
[Site "?"]
[Date "2021.06.21"]
[Round "?"]
[White "EpicureColumns"]
[Black "annaly1979"]
[Result "1-0"]
[WhiteElo "2475"]
[BlackElo "2425"]
[PlyCount "23"]
[EventDate "2021.??.??"]
[EventType "blitz"]

1. e4 e5 2. Nf3 d5 3. Nxe5 Qe7 4. d4 f6 5. Nf3 dxe4 6. Nfd2 f5 7. Nc3 Nf6 8.
Nc4 Nc6 9. d5 Ne5 10. Qd4 Bd7 11. Nxe5 O-O-O 12. Qxa7 {Normal} 1-0

[Event "Rated Blitz game"]
[Site "?"]
[Date "2021.06.21"]
[Round "?"]
[White "LevPaukman"]
[Black "Mettigel"]
[Result "1-0"]
[WhiteElo "2455"]
[BlackElo "2468"]
[PlyCount "81"]
[EventDate "2021.??.??"]
[EventType "blitz"]

1. e4 e5 2. Nf3 d5 3. Nxe5 Bd6 4. d4 dxe4 5. Nc4 Nf6 6. Nxd6+ Qxd6 7. c4 Nc6 8.
Be3 O-O 9. Be2 Bf5 10. O-O Rad8 11. d5 Ne5 12. Nc3 a6 13. h3 Rfe8 14. Rc1 Nd3
15. Bxd3 exd3 16. Qf3 Bg6 17. Bg5 Qe5 18. Bxf6 Qxf6 19. Qxf6 gxf6 20. f4 Be4
21. f5 d2 22. Rcd1 Bd3 23. Rf4 Re1+ 24. Kf2 Rxd1 25. Nxd1 Re8 26. Rd4 Bxf5 27.
Rxd2 Re4 28. Ne3 Bd7 29. b3 f5 30. Kf3 Kg7 31. g3 Kf6 32. h4 Ke5 33. Re2 h5 34.
Ng2 Rxe2 35. Kxe2 Kd4 36. Kd2 f6 37. Nf4 Be8 38. Ne6+ Ke4 39. Nxc7 Kf3 40. Nxe8
Kxg3 41. d6 {Normal} 1-0

[Event "Rated Blitz game"]
[Site "?"]
[Date "2021.06.21"]
[Round "?"]
[White "ElAdversario"]
[Black "KamranShirazi"]
[Result "1/2-1/2"]
[WhiteElo "2619"]
[BlackElo "2566"]
[PlyCount "57"]
[EventDate "2021.??.??"]
[EventType "blitz"]

1. e4 e5 2. Nf3 d5 3. exd5 e4 4. Qe2 Nf6 5. Nc3 Be7 6. Nxe4 Nxd5 7. Qd1 O-O 8.
d3 Re8 9. Be2 f5 10. Ng3 Bb4+ 11. c3 Nxc3 12. bxc3 Bxc3+ 13. Bd2 Bxa1 14. Qxa1
Qxd3 15. Qd1 Nc6 16. O-O Qd5 17. Qc2 Be6 18. a3 Qa2 19. Qc1 Bd5 20. Re1 g6 21.
h4 Rad8 22. Bg5 Rd6 23. h5 Bxf3 24. Bxf3 Rxe1+ 25. Qxe1 Re6 26. Qd1 Rd6 27. Qe1
Re6 28. Qd1 Rd6 29. Qe1 {Normal} 1/2-1/2

[Event "Rated Blitz game"]
[Site "?"]
[Date "2021.06.21"]
[Round "?"]
[White "Gabriel_Young"]
[Black "KinzyabulatovRenat"]
[Result "1-0"]
[WhiteElo "2432"]
[BlackElo "2419"]
[PlyCount "35"]
[EventDate "2021.??.??"]
[EventType "blitz"]

1. e4 e5 2. Nf3 d5 3. Nxe5 Bd6 4. d4 dxe4 5. Bc4 Bxe5 6. dxe5 Qxd1+ 7. Kxd1 Nc6
8. Bb5 Nge7 9. Bf4 Bg4+ 10. Ke1 O-O-O 11. Nc3 Nd4 12. Ba4 b5 13. Bb3 Be6 14.
Rc1 c5 15. Bxe6+ Nxe6 16. Be3 a6 17. Nxe4 Kc7 18. Nxc5 {Time forfeit} 1-0

[Event "Rated Blitz tournament cLtN3gtg"]
[Site "?"]
[Date "2021.06.21"]
[Round "?"]
[White "garri1976"]
[Black "VVV-31"]
[Result "1-0"]
[WhiteElo "2510"]
[BlackElo "2347"]
[PlyCount "127"]
[EventDate "2021.??.??"]
[EventType "blitz"]

1. e4 e5 2. Nf3 d5 3. exd5 Bd6 4. Nc3 Nf6 5. Bb5+ c6 6. dxc6 Nxc6 7. Bxc6+ bxc6
8. d3 h6 9. O-O O-O 10. Ne4 Bg4 11. Nxd6 Qxd6 12. h3 Bh5 13. Be3 Qd5 14. b3
Bxf3 15. Qxf3 Qxf3 16. gxf3 Nd5 17. Kg2 f5 18. c4 Nb4 19. Bc5 Rfb8 20. Bxb4
Rxb4 21. Rfe1 Re8 22. f4 e4 23. d4 a5 24. Re3 a4 25. Rb1 Reb8 26. Rc3 Kf7 27.
f3 e3 28. Kf1 axb3 29. axb3 Ra8 30. Rxe3 Ra2 31. Re2 Ra3 32. Reb2 g5 33. fxg5
hxg5 34. Ke2 f4 35. Kd3 Ke6 36. Kc3 Rb8 37. Re1+ Kf5 38. Re5+ Kf6 39. Rc5 Ra6
40. d5 cxd5 41. Rxd5 Re8 42. Rd3 Rae6 43. b4 Re3 44. Rbd2 Ra8 45. Rxe3 Ra3+ 46.
Kd4 Rxe3 47. Rf2 Ke6 48. Kc5 Kd7 49. b5 Kc7 50. Rg2 Rxf3 51. Rxg5 Rxh3 52. Rg7+
Kd8 53. b6 Rh5+ 54. Kc6 Rh6+ 55. Kb7 Rf6 56. c5 f3 57. c6 Ke8 58. c7 Kf8 59.
Rg1 Rf7 60. Kb8 f2 61. Rf1 Ke7 62. c8=Q Rf8 63. Qxf8+ Kxf8 64. Rxf2+ {Normal}
1-0

[Event "Rated Blitz game"]
[Site "?"]
[Date "2021.06.21"]
[Round "?"]
[White "Majasystem"]
[Black "annaly1979"]
[Result "1-0"]
[WhiteElo "2431"]
[BlackElo "2422"]
[PlyCount "69"]
[EventDate "2021.??.??"]
[EventType "blitz"]

1. e4 e5 2. Nf3 d5 3. exd5 e4 4. Qe2 f5 5. d3 Nf6 6. dxe4 fxe4 7. Ne5 Bd6 8.
Nc4 O-O 9. Nxd6 cxd6 10. Nc3 Bf5 11. Be3 a6 12. O-O-O Nbd7 13. h3 Rc8 14. g4
Bg6 15. Bg2 Rxc3 16. bxc3 Qa5 17. Bd4 Qa3+ 18. Kd2 Rc8 19. Rb1 Nxd5 20. Rb3 Qa5
21. Bxe4 N5f6 22. Bxg6 hxg6 23. Bxf6 Qd5+ 24. Kc1 Qxh1+ 25. Kb2 Qd5 26. Bxg7
Nc5 27. Bd4 Nxb3 28. axb3 b5 29. Qe7 Qf7 30. Qxd6 a5 31. Qe5 Kh7 32. Qg5 Kg8
33. Qh4 Qh7 34. Qf6 Qf7 35. Qh8# {Normal} 1-0

[Event "Rated Blitz game"]
[Site "?"]
[Date "2021.06.21"]
[Round "?"]
[White "KingSlayerK"]
[Black "Dzon_Vejn"]
[Result "1-0"]
[WhiteElo "2426"]
[BlackElo "2495"]
[PlyCount "109"]
[EventDate "2021.??.??"]
[EventType "blitz"]

1. e4 e5 2. Nf3 d5 3. d3 dxe4 4. dxe4 Qxd1+ 5. Kxd1 f6 6. Bc4 Bg4 7. Nc3 Nc6 8.
Be3 O-O-O+ 9. Kc1 Nd4 10. Bxd4 exd4 11. Ne2 Bc5 12. Bd3 Ne7 13. h3 Bxf3 14.
gxf3 Ng6 15. f4 Bd6 16. f5 Nf4 17. Kd2 Nxe2 18. Kxe2 Rhe8 19. Rhg1 Re7 20. Rg4
Rdd7 21. Rag1 Kd8 22. h4 c6 23. h5 h6 24. a4 a5 25. Bc4 b6 26. Be6 Rb7 27. Kd3
Be5 28. f4 Bb8 29. Kxd4 Ke8 30. e5 b5 31. Ke4 fxe5 32. fxe5 bxa4 33. b3 a3 34.
c4 Rxb3 35. Rxg7 Rxg7 36. Rxg7 a2 37. Rg8+ Ke7 38. Rg7+ Ke8 39. f6 Re3+ 40.
Kxe3 Ba7+ 41. Ke4 Bc5 42. Rg8+ Bf8 43. Rg1 Bb4 44. Ra1 Kd8 45. Rxa2 Ke8 46. Kf5
Kd8 47. Rg2 Kc7 48. c5 a4 49. f7 Kb8 50. f8=Q+ Kb7 51. Rg7+ Ka6 52. Qa8+ Kb5
53. Qb7+ Ka5 54. Rg8 a3 55. Ra8# {Normal} 1-0

[Event "Rated Blitz game"]
[Site "?"]
[Date "2021.06.21"]
[Round "?"]
[White "Terminal3D"]
[Black "pasha1984"]
[Result "1-0"]
[WhiteElo "2367"]
[BlackElo "2409"]
[PlyCount "57"]
[EventDate "2021.??.??"]
[EventType "blitz"]

1. e4 e5 2. Nf3 d5 3. exd5 e4 4. Qe2 Nf6 5. Nc3 Be7 6. Nxe4 Nxd5 7. d4 O-O 8.
Bd2 Re8 9. O-O-O f5 10. Nc3 Nxc3 11. Bxc3 Bg5+ 12. Bd2 Rxe2 13. Bxg5 Re7 14.
Bc4+ Kh8 15. Ne5 Qe8 16. Bxe7 Qxe7 17. Nf7+ Kg8 18. Rhe1 Kf8 19. Rxe7 Kxe7 20.
Re1+ Kf8 21. Ng5 g6 22. Nxh7+ Kg7 23. Re7+ Kh6 24. Nf6 Kg5 25. Nd5 Na6 26. h3
c6 27. f4+ Kh4 28. Nc3 Nb4 29. Ne2 {Normal} 1-0

[Event "Rated Blitz game"]
[Site "?"]
[Date "2021.06.21"]
[Round "?"]
[White "ak61"]
[Black "lavilaine"]
[Result "0-1"]
[WhiteElo "2551"]
[BlackElo "2361"]
[PlyCount "114"]
[EventDate "2021.??.??"]
[EventType "blitz"]

1. e4 e5 2. Nf3 d5 3. exd5 e4 4. Qe2 f5 5. d3 Nf6 6. dxe4 fxe4 7. Ng5 Qxd5 8.
Bd2 Bc5 9. Nc3 Qc6 10. O-O-O Bf5 11. f3 O-O 12. Ngxe4 Nxe4 13. Nxe4 Bxe4 14.
Qxe4 Qxe4 15. fxe4 Nc6 16. Bc4+ Kh8 17. Rhf1 Ne5 18. Be2 Nc6 19. Rxf8+ Rxf8 20.
Rf1 Rxf1+ 21. Bxf1 Kg8 22. Bf4 Bb6 23. Bc4+ Kf8 24. Kd2 Ne7 25. c3 Ng6 26. Bg3
Ke7 27. h4 Kf6 28. Bg8 h5 29. b3 Ne5 30. Ke2 c5 31. Bd5 Ba5 32. Bxb7 Bxc3 33.
Bd5 Bd4 34. Bf4 Ng4 35. g3 g6 36. Kd3 Ne5+ 37. Ke2 Ng4 38. a4 a5 39. Bg5+ Ke5
40. Bf4+ Kf6 41. Kd2 Nf2 42. Bg5+ Ke5 43. Bf4+ Kf6 44. Be3 Ng4 45. Bxd4+ cxd4
46. Kd3 Ke5 47. b4 Nf2+ 48. Kc4 Nxe4 49. bxa5 Nd6+ 50. Kc5 d3 51. Bb3 d2 52. a6
Nc8 53. Kc6 Kd4 54. Kb7 Kc3 55. Kxc8 Kxb3 56. a7 d1=Q 57. a8=Q Qg4+ {Time
forfeit} 0-1

[Event "Rated Blitz game"]
[Site "?"]
[Date "2021.06.21"]
[Round "?"]
[White "Henry_Onyekuru_21"]
[Black "tactinhos2900"]
[Result "1-0"]
[WhiteElo "2551"]
[BlackElo "2637"]
[PlyCount "101"]
[EventDate "2021.??.??"]
[EventType "blitz"]

1. e4 e5 2. Nf3 d5 3. exd5 e4 4. Qe2 Be7 5. Qxe4 Nf6 6. Qa4+ c6 7. Bd3 O-O 8.
dxc6 Nxc6 9. O-O a6 10. Nc3 b5 11. Bxb5 axb5 12. Qxa8 Qb6 13. Na4 bxa4 14. Qxa4
Bg4 15. Qb3 Qc7 16. h3 Rb8 17. Qe3 Nd5 18. Qe4 Be6 19. d4 Nf6 20. Qe2 Nb4 21.
c3 Bc4 22. Qd1 Bxf1 23. Qxf1 Nbd5 24. a4 Bd6 25. a5 Bf4 26. a6 Bxc1 27. Qxc1 h6
28. Ne5 Ra8 29. Qd1 Qb6 30. Qe2 Nc7 31. Nc4 Qb5 32. Ra5 Qc6 33. Rc5 Qe6 34.
Qxe6 Nxe6 35. Rc6 Nd5 36. Nb6 Nxb6 37. Rxb6 Nc7 38. Rc6 Nxa6 39. b4 Kf8 40. b5
Nb8 41. Rc8+ Ke7 42. Kh2 Kd7 43. Rf8 Kc7 44. Rxf7+ Nd7 45. Rxg7 Ra3 46. c4 Rd3
47. d5 Rd4 48. b6+ Kd6 49. b7 Rxc4 50. Rxd7+ Kxd7 51. b8=Q {Normal} 1-0

[Event "Rated Blitz game"]
[Site "?"]
[Date "2021.06.21"]
[Round "?"]
[White "Katzik"]
[Black "lavilaine"]
[Result "0-1"]
[WhiteElo "2417"]
[BlackElo "2356"]
[PlyCount "70"]
[EventDate "2021.??.??"]
[EventType "blitz"]

1. e4 e5 2. Nf3 d5 3. exd5 e4 4. Qe2 f5 5. d3 Nf6 6. Nc3 Bb4 7. Bd2 Bxc3 8.
bxc3 Qxd5 9. d4 O-O 10. Ne5 Nc6 11. Nxc6 Qxc6 12. Qc4+ Be6 13. Qxc6 bxc6 14.
Be2 Nd5 15. O-O f4 16. Rfb1 f3 17. Bf1 Rab8 18. c4 Nb6 19. c5 Nc4 20. Bc3 Na3
21. Rxb8 Rxb8 22. Re1 Bd5 23. gxf3 exf3 24. Re7 Rb1 25. Re1 Rxe1 26. Bxe1 Nxc2
27. Ba5 Bxa2 28. Bxc7 Nxd4 29. h4 Ne6 30. Bd6 Kf7 31. Kh2 h6 32. Kg3 Bd5 33.
Ba6 g5 34. hxg5 hxg5 35. Kg4 Kg6 {Time forfeit} 0-1

[Event "Rated Blitz game"]
[Site "?"]
[Date "2021.06.21"]
[Round "?"]
[White "ahmed-m"]
[Black "Alberto_1988"]
[Result "1-0"]
[WhiteElo "2479"]
[BlackElo "2259"]
[PlyCount "79"]
[EventDate "2021.??.??"]
[EventType "blitz"]

1. e4 e5 2. Nf3 d5 3. Nxe5 Bd6 4. d4 dxe4 5. Nc4 Nf6 6. Nc3 h6 7. Nxd6+ Qxd6 8.
Bb5+ c6 9. Be2 O-O 10. O-O Bf5 11. Be3 Nbd7 12. h3 Bh7 13. Qd2 Nb6 14. Bf4 Qd7
15. Rad1 Rad8 16. a4 Nfd5 17. Be5 Rfe8 18. a5 Nc8 19. Nxd5 Qxd5 20. c4 Qd7 21.
Bf4 Nd6 22. d5 c5 23. b4 b6 24. axb6 axb6 25. bxc5 bxc5 26. Qe3 Rc8 27. Bg4 f5
28. Bh5 g6 29. Qg3 Nxc4 30. Bxg6 Qg7 31. Bxh7+ Kxh7 32. Qh4 Ne5 33. Kh1 Rg8 34.
Rg1 Nd3 35. Be3 c4 36. Ra1 Ra8 37. Rab1 c3 38. Rb6 Rgb8 39. Rxh6+ Kg8 40. Bd4 {
Time forfeit} 1-0

[Event "Rated Blitz game"]
[Site "?"]
[Date "2021.06.21"]
[Round "?"]
[White "Wiljalba"]
[Black "blackwolfrun"]
[Result "1-0"]
[WhiteElo "2406"]
[BlackElo "2292"]
[PlyCount "101"]
[EventDate "2021.??.??"]
[EventType "blitz"]

1. e4 e5 2. Nf3 d5 3. Nxe5 Bd6 4. d4 dxe4 5. Bf4 Nf6 6. Bc4 O-O 7. O-O Nbd7 8.
f3 Qe7 9. fxe4 Nxe5 10. dxe5 Bxe5 11. Bxe5 Qxe5 12. Nc3 Qc5+ 13. Kh1 Qxc4 14.
Rxf6 gxf6 15. Nd5 Kg7 16. Qf3 Qd4 17. Rf1 f5 18. exf5 f6 19. Nxc7 Rb8 20. Re1
Qd6 21. Ne8+ Rxe8 22. Rxe8 Bxf5 23. Rxb8 Qxb8 24. Qxf5 Qd6 25. h3 Qd1+ 26. Kh2
Qd6+ 27. g3 Qd2+ 28. Kg1 Qe1+ 29. Kg2 Qe2+ 30. Qf2 Qe4+ 31. Kh2 b6 32. h4 Qe5
33. b3 h5 34. a4 Qe6 35. Qd2 Qe5 36. Qf4 Qe2+ 37. Kh3 Qe6+ 38. Kg2 Qe2+ 39. Qf2
Qe4+ 40. Kh2 Qe6 41. a5 bxa5 42. Qxa7+ Kh6 43. Qf2 Qc6 44. Qf4+ Kg6 45. Qf2 Qd6
46. Qe3 Qc6 47. Qd3+ Kh6 48. Qe2 Qd6 49. Qe3+ Kg6 50. Qd3+ Kh6 51. Qxd6 {
Time forfeit} 1-0

[Event "Rated Blitz game"]
[Site "?"]
[Date "2021.06.21"]
[Round "?"]
[White "Ellemerter"]
[Black "tactinhos2900"]
[Result "0-1"]
[WhiteElo "2448"]
[BlackElo "2609"]
[PlyCount "38"]
[EventDate "2021.??.??"]
[EventType "blitz"]

1. e4 e5 2. Nf3 d5 3. exd5 e4 4. Nd4 Qxd5 5. Nb3 Nf6 6. Nc3 Qe5 7. Be2 Bd6 8.
d3 exd3 9. Qxd3 Bf5 10. Qb5+ Nbd7 11. Qxe5+ Nxe5 12. Bg5 Bxc2 13. Nd4 Bg6 14.
O-O-O O-O-O 15. Bxf6 gxf6 16. f4 Bc5 17. fxe5 Bxd4 18. exf6 Bxf6 19. g3 Bg5+ {
Normal} 0-1

[Event "Rated Blitz game"]
[Site "?"]
[Date "2021.06.21"]
[Round "?"]
[White "cchess2020"]
[Black "GrandeGila"]
[Result "0-1"]
[WhiteElo "2415"]
[BlackElo "2507"]
[PlyCount "34"]
[EventDate "2021.??.??"]
[EventType "blitz"]

1. e4 e5 2. Nf3 d5 3. Nxe5 Bd6 4. d4 dxe4 5. Nc4 Nc6 6. Nxd6+ Qxd6 7. c3 Nge7
8. Be2 Qg6 9. Rg1 O-O 10. Na3 a6 11. Nc4 Be6 12. Bd2 f5 13. g3 f4 14. Qc2 b5
15. Ne5 Nxe5 16. dxe5 f3 17. Bf1 e3 {Normal} 0-1

[Event "Rated Blitz game"]
[Site "?"]
[Date "2021.06.21"]
[Round "?"]
[White "ElAdversario"]
[Black "KamranShirazi"]
[Result "1-0"]
[WhiteElo "2623"]
[BlackElo "2562"]
[PlyCount "71"]
[EventDate "2021.??.??"]
[EventType "blitz"]

1. e4 e5 2. Nf3 d5 3. exd5 e4 4. Qe2 Nf6 5. Nc3 Be7 6. Nxe4 Nxd5 7. g3 O-O 8.
Bg2 Re8 9. O-O Nc6 10. Qd1 Bg4 11. h3 Bh5 12. d4 f5 13. Nc3 Nb6 14. Ne2 Bf6 15.
c3 Bf7 16. Re1 h6 17. a4 a5 18. b3 Qd7 19. Bb2 Nd5 20. Qd2 Re7 21. Rad1 Rae8
22. Nc1 g5 23. Nd3 b6 24. Rxe7 Rxe7 25. Re1 Rxe1+ 26. Qxe1 Qd6 27. Nfe5 Be6 28.
c4 Ndb4 29. Nxb4 Nxb4 30. d5 Bc8 31. f4 gxf4 32. gxf4 Kh7 33. Qg3 Bg7 34. h4
Qe7 35. h5 Nc2 36. Qg6+ {Time forfeit} 1-0

[Event "Rated Blitz game"]
[Site "?"]
[Date "2021.06.21"]
[Round "?"]
[White "hajeko"]
[Black "khalid_ontawar"]
[Result "1-0"]
[WhiteElo "2422"]
[BlackElo "2489"]
[PlyCount "65"]
[EventDate "2021.??.??"]
[EventType "blitz"]

1. e4 e5 2. Nf3 d5 3. Nxe5 Qe7 4. d4 f6 5. Nc3 dxe4 6. Qh5+ g6 7. Nxg6 Qf7 8.
Nf4 Qxh5 9. Nxh5 f5 10. Bc4 Bb4 11. Bxg8 Rxg8 12. Nf6+ Kf7 13. Nxg8 Bxc3+ 14.
bxc3 Kxg8 15. Bf4 c6 16. Bxb8 Rxb8 17. Kd2 Be6 18. Rhg1 f4 19. g3 f3 20. Rge1
Bd5 21. c4 Bxc4 22. Rxe4 Be2 23. Re7 Rd8 24. c3 c5 25. Ke3 cxd4+ 26. cxd4 Ba6
27. Rc1 Kf8 28. Rcc7 Rd6 29. Rxh7 Re6+ 30. Kf4 Kg8 31. Rhe7 Rf6+ 32. Kg5 Rf8
33. Rg7+ {Normal} 1-0

[Event "Rated Blitz game"]
[Site "?"]
[Date "2021.06.21"]
[Round "?"]
[White "suskica"]
[Black "ReinaldoR"]
[Result "0-1"]
[WhiteElo "2473"]
[BlackElo "2431"]
[PlyCount "68"]
[EventDate "2021.??.??"]
[EventType "blitz"]

1. e4 e5 2. Nf3 d5 3. Nxe5 Bd6 4. d4 dxe4 5. Nc4 Nf6 6. Bg5 h6 7. Bxf6 Qxf6 8.
Nxd6+ Qxd6 9. Nc3 O-O 10. Be2 Nc6 11. Nxe4 Qxd4 12. Qxd4 Nxd4 13. Bd3 b6 14.
O-O-O Bb7 15. f3 Rad8 16. Rhe1 c5 17. b3 Rfe8 18. Kb2 Kf8 19. c3 Ne6 20. Bb5
Rxd1 21. Rxd1 Rd8 22. Rxd8+ Nxd8 23. Nd6 Bc6 24. Bc4 Bd7 25. a4 Ke7 26. Ne4 f5
27. Nd2 Kd6 28. Bg8 Be6 29. Bh7 Ke7 30. Nf1 Kf7 31. h4 h5 32. Ne3 g6 33. g4
fxg4 34. fxg4 Bxg4 {Normal} 0-1

[Event "Rated Blitz game"]
[Site "?"]
[Date "2021.06.21"]
[Round "?"]
[White "ahmed-m"]
[Black "Alberto_1988"]
[Result "0-1"]
[WhiteElo "2484"]
[BlackElo "2254"]
[PlyCount "146"]
[EventDate "2021.??.??"]
[EventType "blitz"]

1. e4 e5 2. Nf3 d5 3. exd5 e4 4. Qe2 Nf6 5. Nc3 Be7 6. Nxe4 O-O 7. Nxf6+ Bxf6
8. d4 Bf5 9. Be3 Qxd5 10. Qb5 Qxb5 11. Bxb5 Bxc2 12. Rc1 Be4 13. Rxc7 Nc6 14.
Bxc6 Bxc6 15. O-O Bd8 16. Rxc6 bxc6 17. Ne5 Rc8 18. Rc1 Re8 19. Rxc6 Bf6 20.
Rxc8 Rxc8 21. Kf1 Bxe5 22. dxe5 Rc2 23. Bxa7 Rxb2 24. a3 Rb5 25. Bd4 Ra5 26.
Bb2 Kf8 27. f4 Ke7 28. Ke2 Ke6 29. g4 Kd5 30. Kd3 Rb5 31. Bc3 Rb3 32. a4 Ra3
33. a5 Ra4 34. Bd2 Ra3+ 35. Bc3 Ra4 36. Bd2 g6 37. h4 Ra1 38. Bc3 Rg1 39. a6
Rg3+ 40. Kc2 Kc6 41. f5 Rxg4 42. e6 fxe6 43. fxe6 Re4 44. a7 Kb7 45. Kd3 Rxe6
46. Bd4 h6 47. Be3 h5 48. Ke2 Re4 49. Kf3 Rxh4 50. Bf2 Ra4 51. Be3 Rxa7 52. Kf4
Ra5 53. Kg3 Ra3 54. Kf4 Rxe3 55. Kxe3 Kc6 56. Kf4 Kd5 57. Kg5 Ke4 58. Kh4 Kf5
59. Kg3 g5 60. Kh3 g4+ 61. Kg3 Kg5 62. Kh2 h4 63. Kg2 Kf4 64. Kh2 g3+ 65. Kh1
Kg4 66. Kg2 h3+ 67. Kg1 Kf3 68. Kh1 g2+ 69. Kh2 Kf2 70. Kxh3 g1=Q 71. Kh4 Kf3
72. Kh5 Kf4 73. Kh6 Kf5 {Normal} 0-1

[Event "Rated Blitz game"]
[Site "?"]
[Date "2021.06.21"]
[Round "?"]
[White "ilimchess"]
[Black "pasha1984"]
[Result "0-1"]
[WhiteElo "2456"]
[BlackElo "2389"]
[PlyCount "92"]
[EventDate "2021.??.??"]
[EventType "blitz"]

1. e4 e5 2. Nf3 d5 3. Nxe5 dxe4 4. d4 Bd6 5. Nc3 Bxe5 6. dxe5 Qxd1+ 7. Nxd1 Nc6
8. Bb5 Nge7 9. Bf4 Bd7 10. Nc3 Ng6 11. Bxc6 Bxc6 12. Bg3 O-O-O 13. f4 exf3 14.
gxf3 Bxf3 15. O-O Bd5 16. Nxd5 Rxd5 17. Rxf7 Nxe5 18. Rxg7 h5 19. Rf1 h4 20.
Bxe5 Rxe5 21. Rff7 Rc5 22. c3 b6 23. Rh7 Rg8+ 24. Kf2 Rg4 25. h3 Ra4 26. a3 Re4
27. Re7 Rf4+ 28. Ke2 a5 29. Re3 a4 30. Rh8+ Kb7 31. Rd8 Rg5 32. Rd2 Kc6 33. Kd1
Kc5 34. Kc2 c6 35. Rde2 b5 36. b4+ axb3+ 37. Kxb3 Rg3 38. Re5+ Kb6 39. R2e3
Rff3 40. Rxf3 Rxf3 41. Rh5 Rxh3 42. Kb4 Rh1 43. a4 Rb1+ 44. Ka3 Ra1+ 45. Kb3
Rxa4 46. Rh6 Rg4 {Time forfeit} 0-1

[Event "Rated Blitz game"]
[Site "?"]
[Date "2021.06.21"]
[Round "?"]
[White "Gabriel_Young"]
[Black "annaly1979"]
[Result "0-1"]
[WhiteElo "2420"]
[BlackElo "2426"]
[PlyCount "98"]
[EventDate "2021.??.??"]
[EventType "blitz"]

1. e4 e5 2. Nf3 d5 3. Nxe5 Qe7 4. Nf3 dxe4 5. Nd4 f5 6. Bc4 Nf6 7. Bb3 c5 8.
Nb5 a6 9. N5c3 b5 10. a4 c4 11. Ba2 b4 12. Ne2 Be6 13. O-O Qd6 14. d3 cxd3 15.
cxd3 Bxa2 16. Rxa2 exd3 17. Nf4 Be7 18. Qxd3 Qxd3 19. Nxd3 O-O 20. Bf4 Nc6 21.
Nd2 Rfd8 22. Ne1 g5 23. Bxg5 h6 24. Bxh6 Ng4 25. Bf4 Rd4 26. h3 Nf6 27. Be3 Rd7
28. Ndf3 Rad8 29. b3 Nd5 30. Bg5 Nc3 31. Rc2 Bxg5 32. Nxg5 Nd4 33. Rb2 Nd1 34.
Rd2 Nxb3 35. Rxd7 Rxd7 36. Nef3 Nc3 37. Ne5 Rd2 38. Nc4 Ra2 39. Ne3 f4 40. Nf5
Rxa4 41. Re1 Ra1 42. Rxa1 Nxa1 43. Kf1 b3 44. Nf3 b2 45. Nd2 Nb3 46. Nb1 Nxb1
47. Ne7+ Kf7 48. Nd5 N1d2+ 49. Ke2 b1=Q {Normal} 0-1